000 01221nam a2200289 i 4500
001 192980
003 ES-MaACL
005 20250927121605.0
007 ta
008 230714s1951 fr |||| | fre d
040 _cES-MaACL
_bspa
100 1 _aBalzac, Honoré de,
_d1799-1850
_925139
245 1 3 _aLa comédie humaine.
_nII,
_pÉtudes des moeurs. Scènes de la vie privée. II /
_cBalzac ; texte établi et préfacé par Marcel Bouteron.
260 _a[Paris] :
_bÉd. de la Nouvelle Revue française,
_cDL 1951.
300 _a1172 p. ;
_c18 cm.
336 _2rdacontent
_aTexto
337 _2rdamedia
_asin mediación
338 _2rdacarrier
_avolumen
490 1 _aBibliothèque de la Pléiade ;
_v27
505 _aContiene: La fausse maitresse ; Une fille d'eve ; Le message ; La grenadière ; La femme abandonnée ; Honorine ; Béatrix ; Gobseck ; La Femme de Trente ans ; Le père Goriot ; Le colonel Chabert ; La messe de l'athée
700 1 _aBouteron, Marcel,
_d1877-1962
_9160767
830 0 _aBibliothèque de la Pléiade ;
_v27
_9180233
852 _aES-MaACL
_jE-5147
942 _cMONOGRAFIA
_n0
999 _c192980
_d192980